| 000 | 00295nam a22001097a 4500 | ||
|---|---|---|---|
| 082 |
_a388.31 _bHAN _cD |
||
| 245 | _aHandbook of computer models for traffic analysis | ||
| 260 |
_aFlorida _c1982 |
||
| 300 |
_ap 280, : _bill, : _c24cm |
||
| 526 |
_a0 _b0 _c0 _d388_310000000000000_HAN |
||
| 942 |
_2ddc _cBK |
||
| 999 |
_c543300 _d543300 |
||